| 000 | 00615nam a22001817a 4500 | ||
|---|---|---|---|
| 008 | 160929b xxu||||| |||| 00| 0 eng d | ||
| 020 | _a9781611634082 | ||
| 050 |
_aHD 42 _b.S78 2012 |
||
| 100 | _aStylberg, Joseph B. | ||
| 245 |
_aThe middle voice : _bmediating conflict successfully/ _cJoseph B. Stulberg and Lela P Love. |
||
| 250 | _a2nd ed. | ||
| 260 |
_aNorth Carolina (Durham) : _bCarolina Academic Press , _c2012. |
||
| 300 |
_axv, 186p. ; _bill. ; _c23cm. |
||
| 650 | _aConflict management. | ||
| 650 | _amediation. | ||
| 700 | _aLove, Lela P. | ||
| 942 |
_2lcc _cBOOKS _hHD 42 .S78 2012 |
||
| 999 |
_c14269 _d14269 |
||